000 00284nam a2200121Ia 4500
008 190216s9999||||xx |||||||||||||| ||und||
100 _aShilpakar
245 0 _aHindi-Yojanan-Swarth Jeevan Ka Shilpakar
260 _bRajadhani
_c2005
300 _a120
650 _aHindi
942 _cBK
999 _c16710
_d16710